| 000 | 00709nam a2200229 a 4500 | ||
|---|---|---|---|
| 999 |
_c574 _d574 |
||
| 003 | UPN | ||
| 005 | 20240919064500.0 | ||
| 008 | 991125s1981 es 000 0 spa u | ||
| 035 | _aUPN01000000574 | ||
| 040 |
_aUPN _bspa _cUPN |
||
| 049 | _aCG | ||
| 050 | 4 |
_aQH541.2 _bC3.2 |
|
| 100 | 1 |
_aCapel Sáez, Horacio, _d1941- |
|
| 245 | 1 | 0 |
_aActividades didácticas para los 8-12 años de edad / _cHoracio Capel Sárez, Joseph Muntañola i Thornberg. |
| 260 |
_aBarcelona, Esp. : _bOikos-Tau, _c1981. |
||
| 300 | _a218 p. | ||
| 440 | 0 |
_aDidáctica del medio ambiente ; _v3 |
|
| 650 | 4 |
_aEducación ambiental _94338 |
|
| 700 | 1 |
_aMuntañola i Thornberg, Josep, _d1940- _ecoaut. |
|
| 905 | _aLibro | ||
| 942 |
_2lcc _cLIBRO |
||